|
|
|
|
| LEADER |
00000nam0a2200000 4500 |
| 001 |
302543 |
| 005 |
20231102001520.0 |
| 035 |
|
|
|a (RuTPU)RU\TPU\book\327750
|
| 090 |
|
|
|a 302543
|
| 100 |
|
|
|a 20150824d1982 k y0rusy5003 ca
|
| 101 |
0 |
|
|a rus
|
| 102 |
|
|
|a RU
|
| 105 |
|
|
|a a z 001zy
|
| 200 |
1 |
|
|a Проблемы сбора и обработки геофизической информации
|e сборник научных трудов
|f Академия наук СССР (АН СССР), Сибирское отделение (СО), Вычислительный центр ; под ред. Б. М. Глинского
|
| 210 |
|
|
|a Новосибирск
|c Изд-во ВЦ СО АН СССР
|d 1982
|
| 215 |
|
|
|a 146 с.
|c ил.
|d 20 см
|
| 320 |
|
|
|a Библиография в конце статей
|
| 606 |
1 |
|
|a Геофизические исследования
|x Обработка результатов
|x (поиски и разведка)
|2 stltpush
|3 (RuTPU)RU\TPU\subj\38592
|9 59019
|
| 610 |
1 |
|
|a геофизическая информация
|
| 610 |
1 |
|
|a сейсмометрия
|
| 610 |
1 |
|
|a колебания
|
| 610 |
1 |
|
|a оценка
|
| 610 |
1 |
|
|a сейсмические сигналы
|
| 610 |
1 |
|
|a восстановление
|
| 610 |
1 |
|
|a оптимизация
|
| 610 |
1 |
|
|a сейсмические источники
|
| 610 |
1 |
|
|a пространственная когерентность
|
| 610 |
1 |
|
|a геофизические системы
|
| 610 |
1 |
|
|a моделирование
|
| 610 |
1 |
|
|a программное обеспечение
|
| 610 |
1 |
|
|a геофизические данные
|
| 610 |
1 |
|
|a сбор
|
| 610 |
1 |
|
|a обработка
|
| 610 |
1 |
|
|a технические средства
|
| 610 |
1 |
|
|a телеметрические системы
|
| 610 |
1 |
|
|a результаты
|
| 675 |
|
|
|a 550.83.05
|z rus
|v 4
|
| 702 |
|
1 |
|a Глинский
|b Б. М.
|4 340
|
| 712 |
0 |
2 |
|a Академия наук СССР (АН СССР)
|b Сибирское отделение (СО)
|b Вычислительный центр
|c (Новосибирск)
|2 stltpush
|3 (RuTPU)RU\TPU\col\11456
|
| 801 |
|
0 |
|a RU
|b RuMRKP
|c 19950704
|g psbo
|
| 801 |
|
1 |
|a RU
|b 63413507
|c 20150824
|
| 801 |
|
2 |
|a RU
|b 63413507
|c 20180907
|g RCR
|
| 942 |
|
|
|c BK
|